Where do they go? The destinations of residents moving from gentrifying neighborhoods (Record no. 528055)

000 -LEADER
fixed length control field 01670nam a22001577a 4500
008 - FIXED-LENGTH DATA ELEMENTS--GENERAL INFORMATION
fixed length control field 241105b ||||| |||| 00| 0 eng d
100 ## - MAIN ENTRY--PERSONAL NAME
Personal name Freeman, L. et al
245 ## - TITLE STATEMENT
Title Where do they go? The destinations of residents moving from gentrifying neighborhoods
260 ## - PUBLICATION, DISTRIBUTION, ETC. (IMPRINT)
Place of publication, distribution, etc Urban Affairs Review
300 ## - PHYSICAL DESCRIPTION
Extent 60(1), Jan, 2024: p.304-348
520 ## - SUMMARY, ETC.
Summary, etc The fate of residents living in gentrifying neighborhoods remains an important yet little understood outcome of the gentrification process. In this study, we assess the effects of gentrification on mobility patterns using the geocoded version of the panel study of income dynamics (PSID), a nationally representative longitudinal survey of households. While many studies examine whether residents move from gentrifying neighborhoods, few study their destinations. We utilize PSID data from 2001 to 2017 to identify each respondent's census tract and characteristics of the tract to which they moved. We find little difference in the socioeconomic status or access to the urban core of the destination neighborhoods of residents originating in gentrifying neighborhoods compared to the destination neighborhoods of residents originating in nongentrifying neighborhoods. Our findings inform debates on whether residents of gentrifying neighborhoods are pushed out of central cities and into worse neighborhoods than residents of other low-income neighborhoods.- Reproduced

https://journals.sagepub.com/doi/full/10.1177/10780874231169921
650 ## - SUBJECT ADDED ENTRY--TOPICAL TERM
Topical term or geographic name as entry element Gentrification, Neighborhood change, Displacement, residential mobility.
9 (RLIN) 48590
773 ## - HOST ITEM ENTRY
Main entry heading Urban Affairs Review
906 ## - LOCAL DATA ELEMENT F, LDF (RLIN)
Subject DIP HOUSING
942 ## - ADDED ENTRY ELEMENTS (KOHA)
Item type Articles
Holdings
Withdrawn status Lost status Source of classification or shelving scheme Damaged status Not for loan Permanent location Current location Date acquired Serial Enumeration / chronology Barcode Date last seen Koha item type
          Indian Institute of Public Administration Indian Institute of Public Administration 2024-11-05 60(1), Jan, 2024: p.304-348 AR133483 2024-11-05 Articles

Powered by Koha